[Event "Riga Tech op 7th"]
[Site "Riga"]
[Date "2017.08.11"]
[Round "7"]
[White "Pavlov, Sergey"]
[Black "Onischuk, Vladimir"]
[Result "1/2-1/2"]
[WhiteElo "2475"]
[BlackElo "2610"]
[PlyCount "23"]
[EventDate "2017.08.07"]
[EventType "swiss"]
[EventRounds "9"]
[EventCountry "LAT"]
[SourceTitle "CBM 179 Extra"]
[Source "ChessBase"]
[SourceDate "2017.08.23"]
[SourceVersion "1"]
[SourceVersionDate "2017.08.23"]
[SourceQuality "1"]

1. Nf3 g6 2. c4 Bg7 3. d4 d6 4. Nc3 Nf6 5. g3 0-0 6. Bg2 Nbd7 7. 0-0 e5 8. e4 c6 9. h3 b6 10. Be3 Bb7 11. Qc2 exd4 12. Nxd4 1/2-1/2

[Event "Pardubice Czech op-A 28th"]
[Site "Pardubice"]
[Date "2017.07.28"]
[Round "8"]
[White "Pavlov, Sergey"]
[Black "Rydl, Jiri"]
[Result "1-0"]
[WhiteElo "2467"]
[BlackElo "2395"]
[PlyCount "75"]
[EventDate "2017.07.21"]
[EventType "swiss"]
[EventRounds "9"]
[EventCountry "CZE"]
[SourceTitle "CBM 179 Extra"]
[Source "ChessBase"]
[SourceDate "2017.08.23"]
[SourceVersion "1"]
[SourceVersionDate "2017.08.23"]
[SourceQuality "1"]

1. Nf3 d5 2. d4 Nf6 3. c4 c6 4. g3 Bg4 5. Ne5 Be6 6. cxd5 Bxd5 7. f3 g6 8. Nc3 Be6 9. e4 Bg7 10. Be3 0-0 11. Be2 Nbd7 12. 0-0 Nxe5 13. dxe5 Nd7 14. f4 f5 15. Qc2 Nb6 16. Rfd1 Qc8 17. exf5 Bxf5 18. Qb3+ Be6 19. Qb4 Qc7 20. Rac1 Rfd8 21. Qa5 Bf8 22. Kf2 Bf7 23. a3 Rxd1 24. Rxd1 Bb3 25. Rd2 Rc8 26. Qxa7 Nd5 27. Nxd5 cxd5 28. Bg4 d4 29. Bxc8 Qxc8 30. Qxd4 Qh3 31. Kg1 b5 32. Rf2 e6 33. Qd8 Kf7 34. Qd7+ Kg8 35. Qxb5 Bd5 36. Qe8 Kg7 37. Qd7+ Kg8 38. Qd8 1-0

[Event "Voronezh op-A 17th"]
[Site "Voronezh"]
[Date "2013.06.18"]
[Round "6"]
[White "Pavlov, Sergey"]
[Black "Dzhumaev, Marat"]
[Result "0-1"]
[WhiteElo "2472"]
[BlackElo "2553"]
[PlyCount "64"]
[EventDate "2013.06.12"]
[EventType "swiss"]
[EventRounds "9"]
[EventCountry "RUS"]
[SourceTitle "CBM 155 Extra"]
[Source "ChessBase"]
[SourceDate "2013.08.26"]
[SourceVersion "1"]
[SourceVersionDate "2013.08.26"]
[SourceQuality "1"]

1. Nf3 Nf6 2. c4 g6 3. Nc3 Bg7 4. g3 0-0 5. Bg2 d6 6. 0-0 Nc6 7. d4 Bf5 8. b3 e5 9. d5 Ne7 10. Ng5 h6 11. e4 Bd7 12. Nf3 Ne8 13. Be3 f5 14. Qd2 Kh7 15. h3 Nf6 16. exf5 gxf5 17. Nh4 Qe8 18. f4 Nh5 19. Ne2 Ng6 20. Nf3 exf4 21. gxf4 Bxa1 22. Rxa1 c5 23. dxc6 Bxc6 24. Re1 Qe7 25. Bf2 Qf6 26. Bd4 Qf7 27. Bb2 Rae8 28. Qxd6 Rg8 29. Kh2 Re3 30. Ned4 Ngxf4 31. Bf1 Rxe1 32. Nxe1 Qg7 0-1

[Event "Voronezh op-A 17th"]
[Site "Voronezh"]
[Date "2013.06.17"]
[Round "5"]
[White "Sargissyan, Sargis"]
[Black "Pavlov, Sergey"]
[Result "0-1"]
[WhiteElo "2157"]
[BlackElo "2479"]
[PlyCount "74"]
[EventDate "2013.06.12"]
[EventType "swiss"]
[EventRounds "9"]
[EventCountry "RUS"]
[SourceTitle "EXT 2014"]
[Source "ChessBase"]
[SourceDate "2013.11.20"]
[SourceVersion "1"]
[SourceVersionDate "2013.11.20"]
[SourceQuality "1"]

1. e4 c5 2. Nf3 e6 3. b3 Nc6 4. Bb5 Nge7 5. 0-0 a6 6. Bxc6 Nxc6 7. c4 e5 8. Nc3 d6 9. d3 g6 10. Nd5 Bg7 11. Bg5 f6 12. Be3 0-0 13. Qd2 Bg4 14. Ne1 b5 15. Nc2 Rf7 16. b4 Nd4 17. bxc5 dxc5 18. Bxd4 exd4 19. Rab1 Bd7 20. Na1 f5 21. f3 Rc8 22. Nb3 Be6 23. Qa5 bxc4 24. Qxd8+ Rxd8 25. dxc4 Rc8 26. Rbe1 fxe4 27. fxe4 Bh6 28. Rxf7 Kxf7 29. Nc1 Bxc1 30. Rxc1 Rb8 31. Nc7 Bc8 32. Rf1+ Kg7 33. Ne8+ Kh6 34. Nd6 Bg4 35. Rf6 d3 36. Nf5+ Bxf5 37. exf5 d2 0-1

[Event "Nabokov Memorial-A 8th"]
[Site "Kiev"]
[Date "2010.06.15"]
[Round "11"]
[White "Itkis, Boris"]
[Black "Pavlov, Sergey"]
[Result "1/2-1/2"]
[WhiteElo "2430"]
[BlackElo "2497"]
[PlyCount "36"]
[EventDate "2010.06.05"]
[EventType "tourn"]
[EventRounds "11"]
[EventCountry "UKR"]
[EventCategory "9"]
[SourceTitle "CBM 136 Extra"]
[Source "ChessBase"]
[SourceDate "2010.07.02"]
[SourceVersion "2"]
[SourceVersionDate "2010.07.15"]
[SourceQuality "1"]

1. e4 Nf6 2. e5 Nd5 3. d4 d6 4. c4 Nb6 5. exd6 exd6 6. Nc3 Nc6 7. h3 Be7 8. Nf3 0-0 9. Bd3 Bf6 10. 0-0 Nb4 11. Bb1 Be6 12. a3 Na6 13. d5 Bd7 14. Ne4 Bf5 15. Nxf6+ Qxf6 16. Bxf5 Qxf5 17. b3 Nc5 18. Be3 a5 1/2-1/2

[Event "Nabokov Memorial-A 8th"]
[Site "Kiev"]
[Date "2010.06.14"]
[Round "10"]
[White "Pavlov, Sergey"]
[Black "Kislinsky, Alexey"]
[Result "0-1"]
[WhiteElo "2497"]
[BlackElo "2452"]
[PlyCount "68"]
[EventDate "2010.06.05"]
[EventType "tourn"]
[EventRounds "11"]
[EventCountry "UKR"]
[EventCategory "9"]
[SourceTitle "CBM 136 Extra"]
[Source "ChessBase"]
[SourceDate "2010.07.02"]
[SourceVersion "2"]
[SourceVersionDate "2010.07.15"]
[SourceQuality "1"]

1. e4 c5 2. Nf3 Nc6 3. d4 cxd4 4. Nxd4 g6 5. Nc3 Bg7 6. Be3 Nf6 7. Bc4 d6 8. f3 Qb6 9. Bb5 Qc7 10. Nd5 Nxd5 11. exd5 a6 12. Bxc6+ bxc6 13. Nxc6 0-0 14. Bd4 e5 15. Bc3 Bd7 16. Qd2 Bxc6 17. dxc6 Qxc6 18. 0-0-0 Rab8 19. f4 Rfc8 20. Rhf1 Qa4 21. a3 Rxc3 22. Qxc3 e4 23. Qc7 Bxb2+ 24. Kd2 Rb5 25. f5 e3+ 26. Ke2 Qg4+ 27. Ke1 Bf6 28. fxg6 hxg6 29. Rxf6 Qh4+ 30. Ke2 Qxf6 31. Qc8+ Kg7 32. Rf1 Qd4 33. Rd1 Qh4 34. Qc3+ Re5 0-1

[Event "Nabokov Memorial-A 8th"]
[Site "Kiev"]
[Date "2010.06.07"]
[Round "3"]
[White "Pavlov, Sergey"]
[Black "Slugin, Sergey"]
[Result "1/2-1/2"]
[WhiteElo "2497"]
[BlackElo "2427"]
[PlyCount "51"]
[EventDate "2010.06.05"]
[EventType "tourn"]
[EventRounds "11"]
[EventCountry "UKR"]
[EventCategory "9"]
[SourceTitle "CBM 136 Extra"]
[Source "ChessBase"]
[SourceDate "2010.07.02"]
[SourceVersion "2"]
[SourceVersionDate "2010.07.15"]
[SourceQuality "1"]

1. e4 e5 2. Nf3 Nc6 3. Bb5 Nf6 4. d4 Nxd4 5. Nxd4 exd4 6. e5 c6 7. 0-0 cxb5 8. Bg5 Be7 9. exf6 Bxf6 10. Re1+ Kf8 11. Bxf6 Qxf6 12. Qe2 g6 13. Qxb5 d6 14. Nd2 Bf5 15. Qxb7 Kg7 16. Ne4 Bxe4 17. Qxe4 Rac8 18. Rad1 Rc5 19. g3 Rhc8 20. Re2 d3 21. Qxd3 Qxb2 22. c4 Qf6 23. Re4 R8c7 24. Rde1 Rf5 25. f4 Ra5 26. Qd2 1/2-1/2

[Event "Kiev Independence Cup-B 6th"]
[Site "Kiev"]
[Date "2006.08.08"]
[Round "7"]
[White "Gerber, Vladimir"]
[Black "Pavlov, Sergey"]
[Result "1/2-1/2"]
[WhiteElo "2147"]
[BlackElo "2003"]
[PlyCount "118"]
[EventDate "2006.08.02"]
[EventType "swiss"]
[EventRounds "9"]
[EventCountry "UKR"]
[SourceTitle "CBM 113 Extra"]
[Source "ChessBase"]
[SourceDate "2006.09.14"]
[SourceVersion "1"]
[SourceVersionDate "2006.09.14"]
[SourceQuality "1"]

1. d4 Nf6 2. Nf3 g6 3. Bg5 Bg7 4. e3 c5 5. Nbd2 cxd4 6. exd4 d5 7. Bd3 Nc6 8. c3 h6 9. Bh4 g5 10. Bg3 Nh5 11. Be5 Nf4 12. Bxf4 gxf4 13. Nb3 Bg4 14. Be2 Qd6 15. Qd2 0-0-0 16. 0-0-0 Kb8 17. Nc5 Bxf3 18. Bxf3 e5 19. Qe2 a6 20. Nxa6+ bxa6 21. dxe5 Qc5 22. Qxa6 Nxe5 23. Rd4 Rd6 24. Qa4 Nxf3 25. Rb4+ Rb6 26. Rxb6+ Qxb6 27. gxf3 d4 28. Re1 Rc8 29. Re8 Bf6 30. Qd7 Rxe8 31. Qxe8+ Qd8 32. Qxf7 dxc3 33. bxc3 Qd6 34. Qb3+ Kc7 35. Kc2 Kd7 36. a4 Qe5 37. Qc4 Ke7 38. a5 Qxa5 39. Qxf4 Qxc3+ 40. Kd1 Qb3+ 41. Ke2 Qb5+ 42. Kd1 Qf1+ 43. Kc2 Qxf2+ 44. Kd3 Qf1+ 45. Kc2 Qe2+ 46. Qd2 Qc4+ 47. Kd1 Qb3+ 48. Ke2 Bg5 49. f4 Qc4+ 50. Kf3 Qc6+ 51. Kg3 Bf6 52. Qd3 Kf7 53. h4 Kg7 54. h5 Kh8 55. Qf3 Qe8 56. Kg4 Qd7+ 57. Kg3 Bd4 58. Qa8+ Kg7 59. Qf3 Qc7 1/2-1/2

[Event "Kiev Independence Cup-B 6th"]
[Site "Kiev"]
[Date "2006.08.03"]
[Round "2"]
[White "Chornozem, Sergey"]
[Black "Pavlov, Sergey"]
[Result "1/2-1/2"]
[WhiteElo "2080"]
[BlackElo "2003"]
[PlyCount "40"]
[EventDate "2006.08.02"]
[EventType "swiss"]
[EventRounds "9"]
[EventCountry "UKR"]
[SourceTitle "CBM 113 Extra"]
[Source "ChessBase"]
[SourceDate "2006.09.14"]
[SourceVersion "1"]
[SourceVersionDate "2006.09.14"]
[SourceQuality "1"]

1. e4 c5 2. Nf3 Nc6 3. d4 cxd4 4. Nxd4 Nf6 5. Nc3 e5 6. Ndb5 d6 7. a4 a6 8. Na3 Be6 9. Bc4 Rc8 10. 0-0 Nb4 11. b3 d5 12. exd5 Nfxd5 13. Nxd5 Nxd5 14. Qh5 Bd6 15. Rd1 Nf6 16. Qg5 h6 17. Qxg7 Rg8 18. Qxh6 Rg6 19. Qh8+ Rg8 20. Qh4 Rg4 1/2-1/2

[Event "Kiev Sport Union-ch "]
[Site "Kiev"]
[Date "2006.07.09"]
[Round "9"]
[White "Golichenko, Ilja"]
[Black "Pavlov, Sergey"]
[Result "0-1"]
[WhiteElo "2289"]
[BlackElo "2003"]
[PlyCount "96"]
[EventDate "2006.07.01"]
[EventType "swiss"]
[EventRounds "9"]
[EventCountry "UKR"]
[SourceTitle "EXT 2008"]
[Source "ChessBase"]
[SourceDate "2007.11.25"]
[SourceVersion "1"]
[SourceVersionDate "2007.11.25"]
[SourceQuality "1"]

1. d4 Nf6 2. c4 c5 3. d5 e6 4. Nc3 exd5 5. cxd5 d6 6. g3 g6 7. Bg2 Bg7 8. Nf3 0-0 9. 0-0 Nbd7 10. e4 b5 11. Nxb5 Nxe4 12. Re1 a6 13. Na3 Nef6 14. Nc4 Bb7 15. Nxd6 Bxd5 16. Ng5 Nb6 17. Bxd5 Nfxd5 18. Nde4 c4 19. h4 Nb4 20. Be3 Nd3 21. Re2 Nd5 22. Rb1 Nxe3 23. Rxe3 Nxb2 24. Qc2 Rb8 25. Kh2 Qd4 26. Rc3 h6 27. Nf3 Qd5 28. Nfd2 f5 29. Nd6 Qxd6 30. Rxb2 Rxb2 31. Qxb2 Bxc3 32. Qxc3 Qd3 33. Qc1 c3 34. Nb3 f4 35. gxf4 c2 36. Kg2 Qe4+ 37. Kg3 Rc8 38. Qd2 Qc6 39. f3 Rf8 40. Qd3 Qc7 41. Kf2 Qxf4 42. Qxg6+ Kh8 43. Qc6 Qxh4+ 44. Ke2 Qh2+ 45. Kd3 Rd8+ 46. Ke3 Qg1+ 47. Kf4 Qg5+ 48. Ke4 Qe7+ 0-1

[Event "Kurass Memorial op 07th"]
[Site "Kiev"]
[Date "2006.06.21"]
[Round "5"]
[White "Kernazhitsky, Leonid"]
[Black "Pavlov, Sergey"]
[Result "1-0"]
[WhiteElo "2344"]
[BlackElo "2003"]
[PlyCount "105"]
[EventDate "2006.06.17"]
[EventType "swiss"]
[EventRounds "9"]
[EventCountry "UKR"]
[SourceTitle "EXT 2008"]
[Source "ChessBase"]
[SourceDate "2007.11.25"]
[SourceVersion "1"]
[SourceVersionDate "2007.11.25"]
[SourceQuality "1"]

1. e4 c5 2. Nf3 e6 3. d4 cxd4 4. Nxd4 Nf6 5. Nc3 Nc6 6. Ndb5 d6 7. Bf4 e5 8. Bg5 a6 9. Na3 b5 10. Nd5 Be7 11. Bxf6 Bxf6 12. c3 0-0 13. Nc2 Rb8 14. h4 Be7 15. Nce3 Be6 16. Qf3 Qd7 17. Rd1 Bd8 18. h5 h6 19. Be2 Bg5 20. Nf5 Rfd8 21. 0-0 a5 22. a3 Ne7 23. Nfxe7+ Bxe7 24. Rd3 Bg5 25. Ne3 b4 26. axb4 axb4 27. c4 Bxe3 28. Rxe3 Qc6 29. b3 Ra8 30. Qg3 Qc8 31. Qh4 Ra2 32. Re1 Kh8 33. Rd3 f6 34. Rg3 Qc5 35. Rd3 Rda8 36. Rf3 Rf8 37. Bf1 Rf7 38. Rd1 Rf8 39. Rfd3 Rd8 40. Rf3 Rf8 41. g3 Rc2 42. Bh3 Bg8 43. Bf5 Rc3 44. Qg4 Rxf3 45. Qxf3 Ra8 46. Rd2 Bf7 47. Qd1 Ra6 48. Kg2 Kg8 49. Qg4 Kf8 50. Bg6 Bxg6 51. hxg6 Qc7 52. Qe6 Rc6 53. Ra2 1-0

[Event "Kurass Memorial op 07th"]
[Site "Kiev"]
[Date "2006.06.18"]
[Round "2"]
[White "Pavlov, Sergey"]
[Black "Dolzhikova, Kateryna"]
[Result "1/2-1/2"]
[WhiteElo "2003"]
[BlackElo "2276"]
[PlyCount "81"]
[EventDate "2006.06.17"]
[EventType "swiss"]
[EventRounds "9"]
[EventCountry "UKR"]
[SourceTitle "EXT 2008"]
[Source "ChessBase"]
[SourceDate "2007.11.25"]
[SourceVersion "1"]
[SourceVersionDate "2007.11.25"]
[SourceQuality "1"]

1. Nf3 Nf6 2. c4 g6 3. d4 c5 4. Nc3 cxd4 5. Nxd4 Nc6 6. e4 d6 7. Be2 Bg7 8. Be3 0-0 9. 0-0 Bd7 10. Qd2 Ng4 11. Bxg4 Bxg4 12. f3 Bd7 13. Rac1 a6 14. Rfd1 Rc8 15. b3 Re8 16. Nde2 Qa5 17. Nd5 Qxd2 18. Rxd2 Be6 19. Nb6 Rcd8 20. Nf4 Ne5 21. Rcd1 Nd7 22. Nxd7 Rxd7 23. c5 Red8 24. cxd6 Rxd6 25. Nxe6 fxe6 26. Kf2 Rxd2+ 27. Rxd2 Rxd2+ 28. Bxd2 Bd4+ 29. Ke2 Kf7 30. Kd3 Bg1 31. h3 e5 32. Kc4 Ke6 33. a4 b6 34. Bc3 Bf2 35. Bd2 Bg1 36. g4 Bf2 37. f4 exf4 38. Bxf4 Bg1 39. b4 Bf2 40. Bb8 Bg1 41. Kd3 1/2-1/2

[Event "Kiev Independence Cup-B 5th"]
[Site "Kiev"]
[Date "2005.08.07"]
[Round "6"]
[White "Mazurkov, Anatolij"]
[Black "Pavlov, Sergey"]
[Result "0-1"]
[WhiteElo "2053"]
[BlackElo "2003"]
[PlyCount "116"]
[EventDate "2005.08.02"]
[EventType "swiss"]
[EventRounds "9"]
[EventCountry "UKR"]
[SourceTitle "CBM 107 Extra"]
[Source "ChessBase"]
[SourceDate "2005.09.01"]
[SourceVersion "1"]
[SourceVersionDate "2005.09.01"]
[SourceQuality "1"]

1. e4 c5 2. b3 Nc6 3. Bb2 Nf6 4. e5 Nd5 5. Nc3 Nxc3 6. Bxc3 e6 7. Nf3 Be7 8. Bd3 b6 9. Qe2 Bb7 10. h4 Qc7 11. Be4 h6 12. a3 0-0-0 13. h5 f5 14. Bd3 Rhg8 15. Nh4 Bg5 16. Ng6 Ne7 17. Nxe7+ Bxe7 18. Ba6 g5 19. 0-0-0 g4 20. Kb2 Bxa6 21. Qxa6+ Qb7 22. Qxb7+ Kxb7 23. d4 cxd4 24. Rxd4 Bc5 25. Rd2 Kc7 26. b4 Be7 27. g3 d5 28. exd6+ Rxd6 29. Be5 Bf6 30. Re2 Bxe5+ 31. Rxe5 Kd7 32. Re3 Rd2 33. Rd3+ Rxd3 34. cxd3 Kd6 35. Kc3 Rc8+ 36. Kd2 Kd5 37. b5 e5 38. Rb1 f4 39. Rb4 Rf8 40. Rc4 Rf5 41. a4 Rxh5 42. gxf4 Rf5 43. Ke3 h5 44. fxe5 Rxe5+ 45. Kd2 Re7 46. Rf4 Ke5 47. Re4+ Kf6 48. Rxe7 Kxe7 49. Ke3 h4 50. Kf4 h3 51. Kg3 Kd6 52. f3 gxf3 53. Kxh3 Kd5 54. Kg3 Kd4 55. Kxf3 Kxd3 56. Kf4 Kc3 57. Ke3 Kb4 58. a5 Kxa5 0-1

[Event "Kiev Independence Cup-B 5th"]
[Site "Kiev"]
[Date "2005.08.03"]
[Round "2"]
[White "Gordiyenko, Anna"]
[Black "Pavlov, Sergey"]
[Result "0-1"]
[WhiteElo "2040"]
[BlackElo "2003"]
[PlyCount "90"]
[EventDate "2005.08.02"]
[EventType "swiss"]
[EventRounds "9"]
[EventCountry "UKR"]
[SourceTitle "CBM 107 Extra"]
[Source "ChessBase"]
[SourceDate "2005.09.01"]
[SourceVersion "1"]
[SourceVersionDate "2005.09.01"]
[SourceQuality "1"]

1. c4 Nf6 2. Nc3 g6 3. g3 Bg7 4. Bg2 d6 5. e3 c5 6. Nge2 Nc6 7. d4 Bd7 8. 0-0 h5 9. h3 Qc8 10. Kh2 Qc7 11. Nd5 Nxd5 12. cxd5 Nb8 13. b3 Bb5 14. Re1 Bxe2 15. Rxe2 cxd4 16. Bb2 0-0 17. Bxd4 Bxd4 18. Qxd4 Nd7 19. Be4 Qc5 20. Rc2 Qxd4 21. exd4 Rfc8 22. Rac1 Nb6 23. Rc7 Kf8 24. g4 hxg4 25. hxg4 Ke8 26. R1c2 Rab8 27. Kg3 Kd8 28. Rxc8+ Rxc8 29. Rxc8+ Kxc8 30. Kh4 Kd8 31. f4 Na8 32. Kg5 Nc7 33. a4 Ke8 34. f5 gxf5 35. Kxf5 Kf8 36. Bf3 Kg7 37. g5 b6 38. Bg2 a5 39. Bf3 b5 40. Be4 e6+ 41. dxe6 Nxe6 42. d5 Nd4+ 43. Kg4 b4 44. Kf4 Nxb3 45. Ke3 Nc5 0-1

[Event "Kiev Sport Union-ch "]
[Site "Kiev"]
[Date "2005.06.20"]
[Round "9"]
[White "Kravtsiv, Martyn"]
[Black "Pavlov, Sergey"]
[Result "1/2-1/2"]
[WhiteElo "2450"]
[BlackElo "2003"]
[PlyCount "51"]
[EventDate "2005.06.12"]
[EventType "swiss"]
[EventRounds "9"]
[EventCountry "UKR"]
[SourceTitle "EXT 2008"]
[Source "ChessBase"]
[SourceDate "2007.11.25"]
[SourceVersion "1"]
[SourceVersionDate "2007.11.25"]
[SourceQuality "1"]

1. e4 c5 2. b4 cxb4 3. a3 b3 4. cxb3 d5 5. Nc3 dxe4 6. Nxe4 Nd7 7. Nf3 Ngf6 8. Nxf6+ Nxf6 9. Bb2 a6 10. Bxf6 gxf6 11. d4 Qd5 12. g3 Qe4+ 13. Qe2 Bf5 14. Qxe4 Bxe4 15. Bg2 0-0-0 16. 0-0 e6 17. Rfd1 Bh6 18. Ne1 Bxg2 19. Kxg2 Rd5 20. Rd3 Rhd8 21. Rad1 Bf8 22. a4 Bg7 23. f4 Kb8 24. Kf3 Bf8 25. Ke2 Rc8 26. Ng2 1/2-1/2

[Event "Kiev Independence Cup-B 4th"]
[Site "Kiev"]
[Date "2004.08.08"]
[Round "9"]
[White "Pavlov, Sergey"]
[Black "Kruglyakov, Pavlo"]
[Result "1-0"]
[WhiteElo "2003"]
[BlackElo "2191"]
[PlyCount "99"]
[EventDate "2004.08.31"]
[EventType "swiss"]
[EventRounds "9"]
[EventCountry "UKR"]
[SourceTitle "CBM 102 Extra"]
[Source "ChessBase"]
[SourceDate "2004.11.03"]
[SourceVersion "1"]
[SourceVersionDate "2004.11.03"]
[SourceQuality "1"]

1. e4 c5 2. Nf3 e6 3. d4 cxd4 4. Nxd4 a6 5. Nc3 b5 6. Bd3 Qb6 7. Be3 Bc5 8. Be2 Nc6 9. Nxc6 dxc6 10. Bxc5 Qxc5 11. Qd3 Nf6 12. 0-0-0 0-0 13. f4 e5 14. f5 a5 15. Bf3 a4 16. Qd6 Qxd6 17. Rxd6 Bb7 18. Rhd1 h5 19. a3 Rfe8 20. R1d2 Kf8 21. Nd1 Ke7 22. Nf2 Red8 23. Rxd8 Rxd8 24. Rxd8 Kxd8 25. Nd3 Ke7 26. c4 Nd7 27. c5 h4 28. Kd2 Kd8 29. Ke3 Ke7 30. Bd1 Ba6 31. Bc2 Kf6 32. Kf3 Kg5 33. Bb1 g6 34. fxg6 Kxg6 35. Kg4 Bb7 36. Kxh4 f5 37. Nf2 Nxc5 38. exf5+ Kf7 39. Ne4 Nxe4 40. Bxe4 Bc8 41. Kg5 c5 42. Bd5+ Kg7 43. Bc6 Ba6 44. f6+ Kf7 45. Kf5 b4 46. axb4 cxb4 47. Bxa4 e4 48. Bb3+ Kf8 49. Kxe4 Bb7+ 50. Bd5 1-0